Villes d'Europe commençant par F - Carte Quiz - Statistiques

Statistiques générales
  • Ce quiz a été pris 228 fois
  • Le résultat moyen est 10 sur 16
Réponses sur la Carte
Les réponses sont colorées sur une échelle allant du rouge au vert en fonction du pourcentage des utilisateurs qui les ont devinées à leur premier essai. Vous pouvez retrouver ces pourcentages ci-dessous.
 
Statistiques - réponses
Réponse % Correct
Fréjus
91%
Florence
86%
Faro
85%
Foix
81%
Francfort-sur-le-Main
78%
Ferrare
72%
Fuenlabrada
68%
Fribourg (l'autre)
62%
Frederikstad
60%
Falkirk
56%
Folkestone
55%
Fribourg-en-Breisgau
53%
Forbach
52%
Fier
45%
Fürth
39%
Flensbourg
28%
Aucun quiz correspondant
Distribution des résultats
% des personnes avec chaque résultat
Percentile par nombre de réponses
Votre historique - résultats
Vous n’avez pas pris ce quiz